000
00331nam a22001337a 4500
008
250709b |||||||| |||| 00| 0 eng d
020
_a
0043321348
050
_a
HD6220
_b
.M85
100
_a
MUMFORD, Karen
245
_a
Women Working: Economics and Reality
260
_a
U.S.A
_b
Allen & Unwin
_c
1989
300
_a
x, 153
942
_c
BK
999
_c
4196
_d
4196